000 00221 a2200097 4500
001 27343
100 _aTariq, A.R
245 _aSecret of collective life
260 _a
_bIslamic book service
_c1977
090 _c18169
_d18169
942 _aNUST-CAE
_cM
_c9079
999 _c262416
_d262416